00820nam a22001097a 4500040000800000082002700008100004400035245049800079260002600577300002000603856008700623 cRUA aAVM TEU 2018 B649 Or.1 aTEUNG CHHORLEANG ទឹង ឆលាង aantimicrobial resistance profile of escherichia coli isolated from native chicken's house surface in dangkor district, phnom penh city ភាពសុាំនៃបាត់តេរីអឺកូលីទៅនឹងឪសថអង់ទីប្យូទិចដែលញែកចេញពីបរិស្ថានផ្ទៃខាងលើនៃអាងចញ្ចឹមមាន់ស្រុកក្នុងខណ្ឌដង្កោ រាជធានីភ្នំពេញ aRUAbPhnom penhc2018 avi;bill;c29cm uhttps://drive.google.com/file/d/1oC_YTFcVGfgyo6rx_u3Y0VJkL-srjb4N/view?usp=sharing